República Dominicana : (Registro nro. 15433)

Detalles MARC
000 -CABECERA
campo de control de longitud fija 01883nam a2200325 a 4500
001 - NÚMERO DE CONTROL
campo de control 000015089
003 - IDENTIFICADOR DEL NÚMERO DE CONTROL
campo de control DO-SdBPM
005 - FECHA Y HORA DE LA ÚLTIMA TRANSACCIÓN
campo de control 20251013105352.0
007 - CAMPO FIJO DE DESCRIPCIÓN FÍSICA--INFORMACIÓN GENERAL
campo de control de longitud fija ta
008 - DATOS DE LONGITUD FIJA--INFORMACIÓN GENERAL
campo de control de longitud fija 100201s2008 dr a 001 0 spa d
040 ## - FUENTE DE LA CATALOGACIÓN
Centro catalogador/agencia de origen DO-SdBNP
Lengua de catalogación spa
Centro/agencia transcriptor BPMSU
Normas de descripción rda
Centro/agencia modificador
049 ## - FONDOS LOCALES (OCLC)
Fondos de biblioteca
082 #4 - NÚMERO DE LA CLASIFICACIÓN DECIMAL DEWEY
Número de clasificación 304.6021
Número de documento/Ítem R426r 2008
Número de edición 22
110 1# - ENTRADA PRINCIPAL--NOMBRE DE ENTIDAD CORPORATIVA
Nombre de entidad corporativa o nombre de jurisdicción como elemento de entrada República Dominicana.
Unidad subordinada Oficina Nacional de Estadística
245 10 - MENCIÓN DE TÍTULO
Título República Dominicana :
Resto del título estimaciones y proyecciones de población 1950-2050/
Mención de responsabilidad, etc. presentación Pablo Tactuk
246 13 - FORMA VARIANTE DE TÍTULO
Título propio/Titulo breve Tablas abreviadas de mortalidad 1950-2002 y perspectivas 2000-2050. Revisión 2007
264 ## - PRODUCCIÓN, PUBLICACIÓN, DISTRIBUCIÓN, FABRICACIÓN Y COPYRIGHT
Producción, publicación, distribución, fabricación y copyright Santo Domingo :
Nombre del de productor, editor, distribuidor, fabricante Secretaría de Estado de Economía, Planificación y Desarrollo,
Fecha de producción, publicación, distribución, fabricación o copyright 2008
300 ## - DESCRIPCIÓN FÍSICA
Extensión 62 páginas
Otras características físicas ilustración ;
Dimensiones 21 cm.
336 ## - TIPO DE CONTENIDO
Término de tipo de contenido texto
Código de tipo de contenido txt
Fuente rdacontent
337 ## - TIPO DE MEDIO
Nombre/término del tipo de medio sin mediación
Código del tipo de medio n
Fuente rdamedia
338 ## - TIPO DE SOPORTE
Nombre/término del tipo de soporte volumen
Código del tipo de soporte nc
Fuente rdacarrier
505 0# - NOTA DE CONTENIDO CON FORMATO
Nota de contenido con formato Presentación 9 -- Introducción 11 -- Aspectos generales de las tablas de vida o tablas de mortalidad. 13 -- Las condiciones de la mortalidad en la segunda mitad del siglo XX 15 -- Mortalidad de población de 5 de cinco años y más de edad. 21 -- Los cambios en la sobremortalidad masculina por edad. 24 -- Tabla de mortalidad. 27 -- Los cambios en la mortalidad reflejados en la esperanza de vida 27 -- Proyecciones de las tablas de mortalidad quinquenales 2000-2050 30 -- Cambios esperados en la mortalidad de la República Dominicana 31 -- Anexos 35 -- Bibliografía.
590 ## - NOTA LOCAL (RLIN)
Nota local Inventariado, 2025/VM
650 #7 - PUNTO DE ACCESO ADICIONAL DE MATERIA--TÉRMINO DE MATERIA
Término de materia o nombre geográfico como elemento de entrada Demografía
Subdivisión geográfica República Dominicana
Fuente del encabezamiento o término
650 #7 - PUNTO DE ACCESO ADICIONAL DE MATERIA--TÉRMINO DE MATERIA
Término de materia o nombre geográfico como elemento de entrada Proyecciones de población
Subdivisión geográfica República Dominicana
Subdivisión cronológica 2000-2050
Subdivisión de forma Estadísticas.
700 ## - PUNTO DE ACCESO ADICIONAL--NOMBRE DE PERSONA
Nombre de persona Tactuk ,Pablo
Término indicativo de función/relación presentación
710 1# - PUNTO DE ACCESO ADICIONAL--NOMBRE DE ENTIDAD CORPORATIVA
Nombre de entidad corporativa o nombre de jurisdicción como elemento de entrada República Dominicana.
Unidad subordinada Secretaría de Estado de Economía, Planificación y Desarrollo.
--
910 ## - DATOS DE OPCIÓN DEL USUARIO (OCLC)
Datos de opción del usuario VMateo V. Control de calidad. BPMSU
942 ## - ELEMENTOS DE PUNTO DE ACCESO ADICIONAL (KOHA)
Fuente del sistema de clasificación o colocación Dewey Decimal Classification
Tipo de ítem Koha Libros
Existencias
Estado de retiro Estado de pérdida Fuente del sistema de clasificación o colocación No para préstamo Código de colección Localización permanente Ubicación/localización actual Fecha de adquisición Total de préstamos Signatura topográfica completa Código de barras Fecha visto por última vez Número de copia Precio válido a partir de Tipo de ítem Koha
    Dewey Decimal Classification   Colección Dominicana Biblioteca Pública Metropolitana Salomé Ureña Biblioteca Pública Metropolitana Salomé Ureña 10/13/2025   BPMSU CD 304.6021 R426r 2008 BPMSU25100025 10/13/2025 v.2 10/13/2025 Libros
    Dewey Decimal Classification   Colección Dominicana Biblioteca Pública Metropolitana Salomé Ureña Biblioteca Pública Metropolitana Salomé Ureña 10/13/2025   BPMSU CD 304.6021 R426r 2008 BPMSU25100026 10/13/2025 v.2, e.2 10/13/2025 Libros
    Dewey Decimal Classification   Colección Dominicana Biblioteca Pública Metropolitana Salomé Ureña Biblioteca Pública Metropolitana Salomé Ureña 10/13/2025   BPMSU CD 304.6021 R426r 2008 BPMSU25100027 10/13/2025 v.2, e.3 10/13/2025 Libros